000 00599 a2200241 4500
001 105119
020 _a0329072501
020 _a0758720394
020 _a0805055819
041 _apor
090 _aP Year 1 [E]
250 _a1st Owlet pbk. ed.
300 _a[32] p.
697 _aAnimal sounds - Fiction.
697 _aDomestic animals - Fiction.
697 _aDomestic animals.
697 _aStories in rhyme.
040 _aBR-BrIDEA
_cBR-BrIDEA
100 _aFleming, Denise
_d1950
245 1 0 _aBarnyard banter
_c Denise Fleming
260 _a[S.l.]
_bH. Holt
_c1997
942 _cBK
999 _c105119
_d105119